ბათუმის შოთა რუსთაველის სახელმწიფო უნივერსიტეტის ბიბლიოთეკა

სწრაფვა (ბიბ.ჩანაწერი № 49029)

000 -LEADER
fixed length control field 00847nam a2200229Ia 4500
001 - CONTROL NUMBER
control field 15934
003 - CONTROL NUMBER IDENTIFIER
control field GE_BSU
008 - FIXED-LENGTH DATA ELEMENTS--GENERAL INFORMATION
fixed length control field 181216s||||||||xx |||||||||||||| ||und||
040 ## - CATALOGING SOURCE
Transcribing agency GE_BSU
080 ## - UNIVERSAL DECIMAL CLASSIFICATION NUMBER
Universal Decimal Classification number 656.2(479.22)(092)
245 ## - TITLE STATEMENT
Title სწრაფვა
245 ## - TITLE STATEMENT
Remainder of title ნარკვევი რკინიგზელ ირ. ფოცხვერაშვილზე
245 ## - TITLE STATEMENT
Statement of responsibility, etc. რედ. ა.სულაკაური.მხ.ზ. დეისაძე
260 ## - PUBLICATION, DISTRIBUTION, ETC.
Place of publication, distribution, etc. თბილისი
260 ## - PUBLICATION, DISTRIBUTION, ETC.
Name of publisher, distributor, etc. ნაკადული
260 ## - PUBLICATION, DISTRIBUTION, ETC.
Date of publication, distribution, etc. 1974
300 ## - PHYSICAL DESCRIPTION
Extent 85გვ. ; 17სმ
653 ## - INDEX TERM--UNCONTROLLED
Uncontrolled term ნარკვევი რკინიგზელ ირ. ფოცხვერაშვილზე
653 ## - INDEX TERM--UNCONTROLLED
Uncontrolled term სწრაფვა
653 ## - INDEX TERM--UNCONTROLLED
Uncontrolled term ქართველი რკინიგზელები;
942 ## - ADDED ENTRY ELEMENTS (KOHA)
Koha item type წიგნი
ეგზემპლარები
Withdrawn status Lost status Damaged status Not for loan Date acquired Barcode Date last seen Price effective from Koha item type
        2018-12-17 39491 2018-12-17 2018-12-17 წიგნი